000
00298nam a2200145Ia 4500
100
_a
Herstein/ I.N.
942
_c
BK
654
_a
algebra
245
_a
Topics in algebra
260
_b
Wiley eastern
_a
New Delhi
_c
1990
082
_a
512
_b
Her
300
_a
388
546
_a
ENGLISH
999
_c
18415
_d
18415